| 000 | 00779nam a22002657a 4500 | ||
|---|---|---|---|
| 003 | CHAP | ||
| 005 | 20220329140810.0 | ||
| 008 | 971013s1981 r 00010 d | ||
| 010 | _a57795 | ||
| 011 | _a58767 | ||
| 035 | _a62923 | ||
| 040 | _cCHAP | ||
| 082 |
_a635 _bS64 |
||
| 100 | 0 | 0 |
_aSpedding, Colin Raymond Willian. _9109176 |
| 245 | _aVegetable productivity | ||
| 260 |
_aLondon : _bMacMillan, _c1981 |
||
| 300 |
_a268 p. _b; gráfs. |
||
| 590 |
_aBATCH-UPD _b10 _c20130110 _lUCH01 _h0530 |
||
| 590 |
_aCONVERSION _b10 _c20130109 _lUCH01 _h1331 |
||
| 650 | 1 | 4 |
_aHorticultura. _956291 |
| 901 | _aBK | ||
| 942 | _cLIBRO | ||
| 949 |
_a635 S64 _bBC _cLIBRO _d33724000220588 _eLIBRO _h58409 _i62923 _si |
||
| 949 |
_a635 S64 _bBC _cLIBRO _d33724000220596 _eLIBRO _fc.2 _h59443 _i62923 _si |
||
| 999 |
_c57795 _d57795 |
||